Prefectures of French Departments - Statistics

General Stats
  • This quiz has been taken 1,208 times
    1,158 since last reset
  • The average score is 68 of 101
Answer Stats
Department Prefecture % Correct
Bouches-du-Rhône Marseille
93%
Alpes-Maritimes Nice
93%
Paris Paris
92%
Gironde Bordeaux
90%
Rhône Lyon
89%
Nord Lille
88%
Bas-Rhin Strasbourg
88%
Corse-du-Sud Ajaccio
86%
Hérault Montpellier
86%
Ille-et-Vilaine Rennes
86%
Haute-Garonne Toulouse
86%
Côte-d'Or Dijon
85%
Calvados Caen
84%
Charente-Maritime La Rochelle
84%
Loire-Atlantique Nantes
84%
Haute-Corse Bastia
83%
Isère Grenoble
82%
Pyrénées-Orientales Perpignan
82%
Haute-Savoie Annecy
80%
Puy-de-Dôme Clermont-Ferrand
80%
Loire Saint-Étienne
80%
Hautes-Alpes Gap
79%
Finistère Quimper
79%
Territoire de Belfort Belfort
78%
Meurthe-et-Moselle Nancy
78%
Pyrénées-Atlantiques Pau
78%
Var Toulon
78%
Moselle Metz
77%
Gard Nîmes
77%
Seine-Maritime Rouen
77%
Yvelines Versailles
77%
Savoie Chambéry
76%
Haut-Rhin Colmar
76%
Somme Amiens
74%
Vaucluse Avignon
74%
Ain Bourg-en-Bresse
74%
Sarthe Le Mans
73%
Loiret Orléans
73%
Drôme Valence
72%
Maine-et-Loire Angers
71%
Doubs Besançon
71%
Aude Carcassonne
71%
Vienne Poitiers
71%
Indre-et-Loire Tours
71%
Morbihan Vannes
71%
Aube Troyes
70%
La Réunion Saint-Denis
68%
Yonne Auxerre
67%
Haute-Vienne Limoges
67%
Nièvre Nevers
67%
Côtes-d'Armor Saint-Brieuc
67%
Cher Bourges
66%
Ardèche Privas
66%
Ariège Foix
65%
Aisne Laon
65%
Manche Saint-Lô
65%
Pas-de-Calais Arras
64%
Vendée La Roche-sur-Yon
64%
Landes Mont-de-Marsan
64%
Dordogne Périgueux
64%
Charente Angoulême
63%
Deux-Sèvres Niort
63%
Oise Beauvais
62%
Ardennes Charleville-Mézières
62%
Allier Moulins
62%
Aveyron Rodez
62%
Corrèze Tulle
62%
Eure-et-Loir Chartres
61%
Hauts-de-Seine Nanterre
61%
Hautes-Pyrénées Tarbes
61%
Cantal Aurillac
60%
Loir-et-Cher Blois
60%
Indre Châteauroux
60%
Alpes-de-Haute-Provence Digne-les-Bains
60%
Vosges Épinal
60%
Martinique Fort-de-France
60%
Tarn Albi
59%
Gers Auch
59%
Eure Évreux
58%
Mayenne Laval
58%
Lot-et-Garonne Agen
57%
Tarn-et-Garonne Montauban
56%
Seine-Saint-Denis Bobigny
55%
Val-de-Marne Créteil
55%
Creuse Guéret
55%
Lozère Mende
55%
Jura Lons-le-Saunier
54%
Saône-et-Loire Mâcon
54%
Seine-et-Marne Melun
52%
Lot Cahors
51%
Guyane Cayenne
51%
Orne Alençon
50%
Marne Châlons-en-Champagne
50%
Haute-Loire Le Puy-en-Velay
50%
Haute-Marne Chaumont
45%
Meuse Bar-le-Duc
44%
Mayotte Mamoudzou
44%
Guadeloupe Basse-Terre
43%
Haute-Saône Vesoul
43%
Essonne Évry-Courcouronnes
24%
Val-d'Oise Pontoise (official), Cergy (de facto)
5%
No matching quizzes found
Score Distribution
Percent of People with Each Score
Percentile by Number Answered
Your Score History
You have not taken this quiz since the last reset